000 01061aam a2200301 a 4500
003 AR-FvUNAJ
005 20220701122704.0
008 130115s2012 ag dj gr 001 0dspa
015 _aAR-2012
020 _a978-987-01-1149-8
082 1 4 _214
_a336.2
100 1 _aCeldeiro, Ernesto Carlos
_914386
_edir.
245 1 0 _aProcedimiento fiscal :
_bexplicado y comentado /
_cdirector Ernesto Carlos Celdeiro y otros
260 _aBuenos Aires :
_bErrepar,
_c2011.
300 _a230 p.
650 0 _aIMPUESTOS
_99682
650 0 _2saij
_96692
_aDERECHO TRIBUTARIO
700 1 _914387
_aGadea, María de los Ángeles
_edir.
700 1 _914388
_aImirizaldu, Juan José
_ecoord.
700 1 _914389
_aDacal, Ignacio
_ecol.
930 1 _lBNA01
_mLIBRO
_600931491
_820130115
_f11
_g2462
942 _2ddc
_cLIBRO
956 _aLPUCHETA
_b00
_c20130115
_lBNA01
_h1336
956 _aLPUCHETA
_b00
_c20130115
_lBNA01
_h1336
956 _aVFRIAS
_b20
_c20131212
_lBNA01
_h1346
956 _aVFRIAS
_b20
_c20131212
_lBNA01
_h1353
980 _619226
_a Palazón Marcela
_82
_gVirginia Figueroa
999 _c7619
_d7619